[Event "Superbet Varsavia Rapid 2023"]
[Site "Varsavia"]
[Date "21.05.2023"]
[Round "2R"]
[White "Rapport, Richard"]
[Black "Wojtaszek, Radoslav"]
[Result "1/2-1/2"]
[WhiteElo "2745"]
[BlackElo "2670"]
[EventDate "2023.05.19"]

1. e4 c5 2. Nf3 d6 3. Bb5+ Nd7 4. a4 Ngf6 5. Nc3 g6 6. a5 Bg7 7. O-O a6 8.
Be2 O-O 9. d3 b5 10. axb6 a5 11. e5 dxe5 12. Nd2 Nxb6 13. Bf3 Ra6 14. Re1
a4 15. Rxe5 Nfd7 16. Re1 a3 17. Nde4 axb2 18. Bxb2 Rxa1 19. Qxa1 Bb7 20.
Qa7 Qb8 21. Qa3 Ne5 22. Be2 Nbd7 23. Na4 c4 24. Nec5 Nxc5 25. Nxc5 cxd3 26.
cxd3 Bc8 27. Bc3 Qd6 28. Qa1 Qxc5 29. d4 Qc7 30. dxe5 Be6 31. Bf3 Rc8 32.
Bb2 h5 33. h3 Bh6 34. Be4 Bd2 35. Rd1 Bc3 36. Bxc3 Qxc3 37. Rd8+ Kg7 38.
Qxc3 Rxc3 39. Re8 Rc5 40. Rxe7 Rxe5 41. Bf3 Re1+ 42. Kh2 Rb1 43. Rb7 Rxb7
44. Bxb7 h4 45. Ba8 Bd7 46. Bb7 Be6 47. Ba8 Bd7 48. Bb7 1/2-1/2

[Event "Superbet Varsavia Rapid 2023"]
[Site "Varsavia"]
[Date "23.05.2023"]
[Round "7R"]
[White "Deac, Bogdan-Daniel"]
[Black "Carlsen, Magnus"]
[Result "0-1"]
[WhiteElo "2700"]
[BlackElo "2853"]
[EventDate "2023.05.19"]

1. e4 e6 2. d4 d5 3. Nc3 Nf6 4. Bg5 h6 5. Bxf6 Qxf6 6. exd5 Bb4 7. Bc4 exd5
8. Bxd5 O-O 9. Nge2 Rd8 10. O-O Bxc3 11. Nxc3 Nc6 12. Bxc6 bxc6 13. Ne4
Qxd4 14. Qxd4 Rxd4 15. Ng3 Be6 16. Rfd1 c5 17. b3 Rad8 18. Re1 a5 19. h3 c4
20. Rac1 cxb3 21. cxb3 Rd2 22. Ra1 Rb2 23. Nf1 c5 24. Reb1 Rxb1 25. Rxb1 c4
26. bxc4 Bxc4 27. Rc1 Be6 28. f3 Rd3 29. a4 Ra3 30. Ng3 Rxa4 31. Ne4 Rc4
32. Ra1 a4 33. Ra3 Rc1+ 34. Kh2 Rc4 35. Nc3 Bd7 36. Kg3 f5 37. Kf2 f4 38.
h4 Kf7 39. g3 fxg3+ 40. Kxg3 Rb4 41. Ra2 Bc6 42. Ne2 Rc4 43. Ra3 Ke6 44.
Rd3 Ke5 45. Re3+ Kd6 46. Nf4 Kc5 47. Ne6+ Kb4 0-1

[Event "Superbet Varsavia Blitz 2023"]
[Site "Varsavia"]
[Date "24.05.2023"]
[Round "2B"]
[White "Vachier Lagrave, Maxime"]
[Black "Rapport, Richard"]
[Result "1-0"]
[WhiteElo "2742"]
[BlackElo "2745"]
[EventDate "2023.05.19"]

1. e4 e6 2. d4 d5 3. Nc3 Bb4 4. Nge2 dxe4 5. a3 Be7 6. Nxe4 Nd7 7. Bf4 Ngf6
8. N2c3 O-O 9. Bd3 Nxe4 10. Nxe4 Nf6 11. Nxf6+ Bxf6 12. c3 Bd7 13. Qc2 h6
14. Bh7+ Kh8 15. Be4 Rb8 16. h4 Bc6 17. O-O-O Be7 18. Kb1 Bd6 19. Bg5 Bxe4
20. Qxe4 Qd7 21. c4 Qa4 22. c5 Bxc5 23. Bxh6 gxh6 24. Qe5+ f6 25. Qxc5 Qd7
26. d5 b6 27. Qe3 Qh7+ 28. Ka1 exd5 29. Rxd5 Rbe8 30. Qd2 Re7 31. g4 Qg6
32. g5 fxg5 33. hxg5 h5 34. f4 Kg8 35. Rd4 Ref7 36. Re1 h4 37. Rh1 Rh7 38.
Qg2 Qf5 39. Rh3 Re8 40. Rd1 Qxf4 41. g6 Rhe7 42. Qd5+ Kg7 43. Rf3 Qg4 44.
Rf7+ Kh6 45. Qd2+ Kxg6 46. Rff1 Kh7 47. Rg1 Qf5 48. Rdf1 Qh5 49. Qd3+ Kh8
50. Rf5 Re1+ 51. Ka2 Qe2 52. Qxe2 1-0

[Event "Superbet Varsavia Blitz 2023"]
[Site "Varsavia"]
[Date "24.05.2023"]
[Round "5B"]
[White "Rapport, Richard"]
[Black "Wojtaszek, Radoslav"]
[Result "1-0"]
[WhiteElo "2745"]
[BlackElo "2670"]
[EventDate "2023.05.19"]

1. d4 Nf6 2. Bg5 d5 3. e3 Bg4 4. Qd3 Nbd7 5. h3 Bh5 6. Bxf6 exf6 7. Qf5 Bg6
8. Qxd5 Bxc2 9. Bc4 Bb4+ 10. Nc3 O-O 11. Rc1 c6 12. Qf3 Bg6 13. Nge2 Nb6
14. Bb3 Re8 15. O-O a5 16. a3 Bd6 17. Rfd1 a4 18. Ba2 Qd7 19. Nf4 Ra5 20.
Nxg6 hxg6 21. Qg4 Qxg4 22. hxg4 Rg5 23. d5 c5 24. Nb5 Bf8 25. d6 Rge5 26.
Rc2 Rd8 27. f4 Rxe3 28. Rxc5 Nc8 29. Kf2 Re4 30. Kf3 Ree8 31. Rxc8 1-0

[Event "Superbet Varsavia Blitz 2023"]
[Site "Varsavia"]
[Date "24.05.2023"]
[Round "8B"]
[White "Rapport, Richard"]
[Black "Giri, Anish"]
[Result "1-0"]
[WhiteElo "2745"]
[BlackElo "2768"]
[EventDate "2023.05.19"]

1. d4 d5 2. Bg5 f6 3. Bd2 Nc6 4. e3 e5 5. Bb5 Bd6 6. c4 dxc4 7. Ne2 Nge7 8.
Bxc4 exd4 9. exd4 Bf5 10. Qb3 Qd7 11. Bf7+ Kf8 12. O-O h5 13. Bc4 Rb8 14.
Re1 h4 15. h3 b5 16. Bf7 Nd8 17. Bc4 bxc4 18. Qxb8 c6 19. Qa8 Nd5 20. Ba5
Bc7 21. b4 Bxb1 22. Raxb1 Kf7 23. Kf1 Bh2 24. b5 cxb5 25. Nc3 Nxc3 26. Bxc3
Rh5 27. Bb4 Nc6 28. Qf8+ Kg6 29. Bc5 c3 30. Re4 Rg5 31. Rc1 Qd5 32. Qe8+
Kf5 33. Rg4 Qc4+ 34. Qe2 Qxe2+ 35. Kxe2 b4 36. Rxg5+ fxg5 37. d5 Bf4 38.
dxc6 1-0